| 000 | 00769nam a2200205 a 4500 | ||
|---|---|---|---|
| 008 | 120416s2000 ||||||||||||||||| || u | ||
| 020 | _a0750672471 | ||
| 050 | _aHD 30.2 Kno | ||
| 100 | _aChauvel, Daniele, 1947- | ||
| 245 | 1 | 0 |
_aKnowledge horizons _cedited by C. Despres |
| 246 | _athe present and the promise of knowledge management | ||
| 260 |
_aBoston _bButterworth-Heinemann _c2000 |
||
| 300 | _axv, 344 p. : ill. | ||
| 350 | _a0.00 | ||
| 500 | _aIncludes bibliographical references (p. 325-338) and index. | ||
| 650 | 0 | _aKNOWLEDGE MANAGEMENT | |
| 650 | 0 | _aMANAGEMENT | |
| 700 | _aDespres, Charles | ||
| 995 |
_D0.00 _FCBU-MAIN LIBRARY (Kitwe) _H1 _I7.00 _M1 _UAVAILABLE _ZMain Library Open Access Collection |
||
| 999 |
_c48670 _d48670 |
||